Croatian towns and municipalities coats of arms: Dubrovnik Neretva - Statistics

General Stats
  • This quiz has been taken 24 times
  • The average score is 12 of 22
Answer Stats
Picture Answer % Correct
Dubrovnik
100%
Trpanj
86%
Zažablje
86%
Metković
77%
Konavle
73%
Korčula
73%
Opuzen
68%
Orebić
68%
Ploče
68%
Ston
68%
Župa Dubrovačka
64%
Lastovo
55%
Mljet
50%
Vela Luka
50%
Dubrovačko Primorje
41%
Blato
36%
Lumbarda
32%
Janjina
27%
Kula Norinska
27%
Slivno
23%
Smokvica
23%
Pojezerje
14%
No matching quizzes found
Score Distribution
Percent of People with Each Score
Percentile by Number Answered
Your Score History
You have not taken this quiz